000 00835nam a22002417a 4500
005 20170124105938.0
010 _aA-470288
020 _c00.00
_a8170362423
035 _aA-470288
037 _bCen Lib/Ret
040 _aDPL
_bEN
082 _a338.9
_bECO
245 _aEconomy society and development :
_cedited by C T Kurien, E R Prabhakar [and] S Gopal
_bessays and reflections in honour of Malcolm S. Adiseshiah /
260 _aNew Delhi
_bSage Publications
_c1991
270 _bNew Delhi
_aM-32 Greater Kailash-I
_e110048
300 _a331p.
_c22cm(Hb)
650 _aIndia -- Economic policy -- 1947
_973845
650 _aIndia -- Economic conditions -- 1947
_973846
700 _aKurien, C. T.
_99864
700 _aPrabhakar, E. R.
_910572
700 _aGopal, S.
_910573
942 _2ddc
_cEN
_h338.9
_mECO
999 _c124381
_d124381